| 000 | 00720nam a22002057a 4500 | ||
|---|---|---|---|
| 003 | OSt | ||
| 005 | 20231004091616.0 | ||
| 008 | 230922s1969 mx |||||r|||| 00| 0 spa d | ||
| 040 |
_cCHAP _erda |
||
| 090 | _aFolleto 18535 | ||
| 245 | 0 | 0 | _aActa constitutiva y estatutos / |
| 264 | 1 |
_aChapingo, México : _bUACH. Patronato de la Escuela Nacional de Agricultura. _c1969. |
|
| 300 | _a14 páginas. | ||
| 336 |
_2rdacontent _atexto _btxt |
||
| 337 |
_2rdamedia _asin medio _bn |
||
| 338 |
_2rdacarrier _avolumen _bnc |
||
| 650 | 4 |
_9188005 _aUniversidad Autónoma Chapingo _vCongresos _xReglamentos |
|
| 710 | 1 |
_9115925 _aUACH. Dirección de Patronato Universitario |
|
| 942 |
_2Clasificación Universidad Autónoma Chapingo _cFOLL |
||
| 999 |
_c219175 _d219175 |
||